[Event "Zalakaros open (Barczay memorial)"]
[Site "Zalakaros"]
[Date "2019.05.29"]
[Round "7.19"]
[White "Borsos, Bogdan"]
[Black "Geher, Koppany"]
[Result "1-0"]
[WhiteElo "2217"]
[BlackElo "2113"]
[PlyCount "59"]
[EventDate "2019.05.23"]
[EventType "swiss"]
[EventRounds "9"]
[EventCountry "HUN"]

1. d4 Nf6 2. Bg5 c5 3. d5 Qb6 4. Nc3 Qxb2 5. Bd2 Qb6 6. e4 e5 7. f4 d6 8. Nf3
exf4 9. Bb5+ Bd7 10. Bc4 Be7 11. Rb1 Qc7 12. Bxf4 O-O 13. h3 a6 14. e5 Nh5 15.
Bh2 dxe5 16. O-O Bd6 17. Ne4 Nf4 18. Nxd6 Qxd6 19. Rxb7 Qg6 20. Qd2 Bc8 21.
Nxe5 Nxh3+ 22. Kh1 Qg5 23. Qxg5 Nxg5 24. Rc7 f6 25. Bg1 Rd8 26. d6+ Be6 27. Be3
Bxc4 28. Nxc4 Ne4 29. Rb1 Nc3 30. Rbb7 1-0

[Event "Zalakaros open (Barczay memorial)"]
[Site "Zalakaros"]
[Date "2019.05.29"]
[Round "7.20"]
[White "Kende, Gyorgy Dr"]
[Black "Pasztor, Balazs"]
[Result "1/2-1/2"]
[WhiteElo "2082"]
[BlackElo "2215"]
[PlyCount "63"]
[EventDate "2019.05.23"]
[EventType "swiss"]
[EventRounds "9"]
[EventCountry "HUN"]

1. Nf3 d5 2. c4 d4 3. g3 Nc6 4. d3 e5 5. Bg2 Bb4+ 6. Nbd2 Nf6 7. a3 Bxd2+ 8.
Bxd2 a5 9. b4 Qd6 10. O-O O-O 11. c5 Qe7 12. b5 Nb8 13. Qc2 c6 14. a4 Nd5 15.
Rfc1 f6 16. Rab1 Be6 17. e4 dxe3 18. fxe3 cxb5 19. axb5 Nd7 20. d4 Rfc8 21. Nh4
g6 22. Qb2 Ra7 23. e4 Nb4 24. Bxb4 axb4 25. d5 Nxc5 26. dxe6 b3 27. Ra1 Rxa1
28. Qxa1 Qxe6 29. Qc3 Kg7 30. Bf1 Qb6 31. Kg2 Rd8 32. Nf3 1/2-1/2

[Event "Zalakaros open (Barczay memorial)"]
[Site "Zalakaros"]
[Date "2019.05.30"]
[Round "8.10"]
[White "Horvath, Adam"]
[Black "Gombocz, Ferenc Jr"]
[Result "1-0"]
[WhiteElo "2531"]
[BlackElo "2214"]
[PlyCount "96"]
[EventDate "2019.05.23"]
[EventType "swiss"]
[EventRounds "9"]
[EventCountry "HUN"]

1. e4 e5 2. Nf3 Nc6 3. Bc4 d6 4. c3 g6 5. O-O Bg7 6. d4 Qe7 7. Re1 Nf6 8. b4 a6
9. dxe5 Nxe5 10. Nxe5 dxe5 11. a4 O-O 12. Ba3 Rd8 13. Qb3 Qd7 14. b5 axb5 15.
Bxb5 c6 16. Bf1 Nxe4 17. Rxe4 Qd1 18. Qb2 Bf5 19. Re2 Bh6 20. c4 Qxa4 21. Nc3
Qa5 22. Ra2 Qc7 23. Bc5 Rxa2 24. Nxa2 Rd1 25. Nc3 Rxf1+ 26. Kxf1 Bd3 27. Kg1
Bxe2 28. Nxe2 Qd7 29. h3 f6 30. Nc3 f5 31. Qa3 Kf7 32. Bd6 Bg7 33. c5 e4 34.
Qb3+ Qe6 35. Qxb7+ Kg8 36. Qxc6 e3 37. f4 e2 38. Nxe2 h5 39. Kf1 h4 40. Qc7 Bf6
41. Be5 Be7 42. c6 Kf7 43. Nd4 Qc4+ 44. Kg1 Qd3 45. Nf3 Kf8 46. Qc8+ Kf7 47.
Bd4 Qd1+ 48. Kh2 Qe2 1-0

[Event "Zalakaros open (Barczay memorial)"]
[Site "Zalakaros"]
[Date "2019.05.30"]
[Round "8.12"]
[White "Souhardo, Basak"]
[Black "Borhy, Marcell"]
[Result "0-1"]
[WhiteElo "2082"]
[BlackElo "2374"]
[PlyCount "164"]
[EventDate "2019.05.23"]
[EventType "swiss"]
[EventRounds "9"]
[EventCountry "HUN"]

1. e4 c5 2. Nf3 b6 3. g3 Bb7 4. d3 d5 5. exd5 Qxd5 6. Bg2 Nc6 7. Nc3 Qd7 8. O-O
g6 9. b3 Bg7 10. Bb2 Nh6 11. Rb1 Nf5 12. Ne4 Nfd4 13. Ne1 O-O 14. c3 Nf5 15.
Qe2 Rad8 16. Rd1 Ba6 17. f4 Nd6 18. Nxd6 Qxd6 19. f5 Rd7 20. Be4 Bb7 21. Ng2
Qe5 22. Ne3 Na5 23. Ng4 Qd6 24. Ne3 Rfd8 25. Qf3 g5 26. h4 gxh4 27. gxh4 Kh8
28. Ng4 Bxe4 29. Qxe4 Qg3+ 30. Qg2 Rxd3 31. Qxg3 Rxg3+ 32. Kf2 Rxd1 33. Rxd1
Rxg4 34. Rd8+ Bf8 35. Rxf8+ Kg7 36. Ra8 Nc6 37. Rc8 Rxh4 38. f6+ exf6 39. Kg3
Ne7 40. Rc7 Re4 41. Kf3 Nd5 42. Rxa7 Re3+ 43. Kf2 Rh3 44. c4 Nb4 45. Kg1 Rd3
46. Kf1 Rd2 47. Bc3 Rxa2 48. Rb7 Ra6 49. Rd7 Nc6 50. Rd6 Ne5 51. Kf2 Ra2+ 52.
Kg3 b5 53. cxb5 Ra3 54. Rd5 c4 55. Kf4 Rxb3 56. Bxe5 fxe5+ 57. Kxe5 c3 58. Rc5
Kg6 59. b6 Kg5 60. Kd4+ Kg4 61. Rc7 Rxb6 62. Kxc3 Rf6 63. Kd4 h5 64. Ke5 Re6+
65. Kd5 Rf6 66. Ke5 Rf1 67. Rc8 f6+ 68. Ke6 h4 69. Rg8+ Kh3 70. Kd5 Rf4 71. Ke6
Kh2 72. Kd5 h3 73. Rg7 Kh1 74. Rg6 h2 75. Rg8 f5 76. Ke5 Rg4 77. Ra8 Kg2 78.
Ra2+ Kh3 79. Ra3+ Rg3 80. Ra1 Rg1 81. Ra3+ Kg4 82. Ra4+ Kg5 0-1

[Event "Zalakaros open (Barczay memorial)"]
[Site "Zalakaros"]
[Date "2019.05.30"]
[Round "8.13"]
[White "Draganic, Stjepan"]
[Black "Vanczak, Tamas"]
[Result "0-1"]
[WhiteElo "2075"]
[BlackElo "2311"]
[PlyCount "96"]
[EventDate "2019.05.23"]
[EventType "swiss"]
[EventRounds "9"]
[EventCountry "HUN"]

1. d4 Nf6 2. Bf4 g6 3. e3 Bg7 4. Be2 O-O 5. Nf3 d6 6. O-O b6 7. Nbd2 Bb7 8. h3
Nbd7 9. c3 Re8 10. Qb3 e5 11. Bh2 Qe7 12. Bb5 a6 13. Bc4 e4 14. Ne1 Nf8 15. a4
Ne6 16. Bxe6 fxe6 17. a5 b5 18. Nc2 Rab8 19. Nb4 Rec8 20. Rfd1 Kh8 21. Rac1 Nd7
22. Qa2 c5 23. dxc5 Nxc5 24. Nb3 Nd3 25. Nxd3 exd3 26. Rxd3 Qg5 27. Bg3 Be5 28.
Kh2 Qf5 29. Rd2 Bd5 30. Qa3 Rc4 31. Bxe5+ Qxe5+ 32. f4 b4 33. cxb4 Qxe3 34.
Rcd1 Qxf4+ 35. Kh1 Rcxb4 36. Nd4 Rb3 37. Nxb3 Rxb3 38. Rxd5 Rxa3 39. R5d4 Rxh3+
40. gxh3 Qf3+ 41. Kh2 d5 42. b4 g5 43. R1d3 Qf2+ 44. Kh1 h5 45. Rd2 Qf3+ 46.
Kh2 g4 47. hxg4 hxg4 48. Rg2 Qh3+ 0-1

[Event "Zalakaros open (Barczay memorial)"]
[Site "Zalakaros"]
[Date "2019.05.30"]
[Round "8.14"]
[White "Meszaros, Andras"]
[Black "Piroska, Istvan"]
[Result "1-0"]
[WhiteElo "2285"]
[BlackElo "2094"]
[PlyCount "71"]
[EventDate "2019.05.23"]
[EventType "swiss"]
[EventRounds "9"]
[EventCountry "HUN"]

1. Nf3 d5 2. c4 d4 3. b4 c5 4. Bb2 b6 5. e3 dxe3 6. fxe3 cxb4 7. d4 Bb7 8. Bd3
Nf6 9. O-O e6 10. Nbd2 Be7 11. e4 Nc6 12. e5 Nh5 13. Ne4 Nf4 14. Bc2 Na5 15.
Ba4+ Bc6 16. Bxc6+ Nxc6 17. g3 Ng6 18. d5 Na5 19. d6 Nxc4 20. Qa4+ Qd7 21. Qxb4
Nxb2 22. dxe7 Nd3 23. Nd6+ Kxe7 24. Nf5+ Kd8 25. Qa3 exf5 26. Rad1 Ke8 27. Rxd3
Qe7 28. Qa4+ Kf8 29. Kg2 h6 30. Re1 Kg8 31. Rd7 Qe8 32. e6 fxe6 33. Qd4 e5 34.
Nxe5 Nxe5 35. Rxe5 Qf8 36. Rxf5 1-0

[Event "Zalakaros open (Barczay memorial)"]
[Site "Zalakaros"]
[Date "2019.05.30"]
[Round "8.15"]
[White "Chubar, Vladimir"]
[Black "Becskei, Zoltan"]
[Result "0-1"]
[WhiteElo "1930"]
[BlackElo "2285"]
[PlyCount "74"]
[EventDate "2019.05.23"]
[EventType "swiss"]
[EventRounds "9"]
[EventCountry "HUN"]

1. Nf3 Nf6 2. d4 g6 3. Bg5 Bg7 4. Nbd2 h6 5. Bh4 d6 6. c3 g5 7. Bg3 Nh5 8. e4
e6 9. Bd3 O-O 10. h4 g4 11. Nh2 f5 12. Nhf1 Kh8 13. f3 f4 14. Bf2 g3 15. Bg1 b6
16. Qe2 Bb7 17. O-O-O Qe7 18. e5 dxe5 19. dxe5 Bc6 20. Bg6 Be8 21. Bc2 Nc6 22.
Nc4 Rb8 23. Qe4 Rf5 24. Nfe3 fxe3 25. Nxe3 Nxe5 26. Nxf5 exf5 27. Qe1 c5 28.
Bxf5 Ba4 29. Bc2 Bxc2 30. Kxc2 Qf7 31. Qe4 Re8 32. Re1 Re7 33. Qa8+ Kh7 34. Re4
Nf6 35. h5 Nxe4 36. Qxe4+ Kg8 37. Be3 Nc4 0-1

[Event "Zalakaros open (Barczay memorial)"]
[Site "Zalakaros"]
[Date "2019.05.30"]
[Round "8.16"]
[White "Pribelszky, Bence"]
[Black "Fucak, Emilio Milko"]
[Result "0-1"]
[WhiteElo "2244"]
[BlackElo "2180"]
[PlyCount "104"]
[EventDate "2019.05.23"]
[EventType "swiss"]
[EventRounds "9"]
[EventCountry "HUN"]

1. Nf3 Nf6 2. g3 b6 3. Bg2 e6 4. O-O Bb7 5. c4 Be7 6. b3 d5 7. cxd5 Nxd5 8. Bb2
O-O 9. d4 Nd7 10. Nbd2 c5 11. a3 Rc8 12. dxc5 bxc5 13. Nc4 N7b6 14. Qc2 Ba6 15.
Rfd1 Qe8 16. Nfe5 Nxc4 17. bxc4 Nb6 18. a4 Rc7 19. a5 Nc8 20. Be4 f5 21. Bf3
Bf6 22. Rd3 Bb7 23. Qb3 Be4 24. Bxe4 fxe4 25. Rd2 Qe7 26. Ng4 Bg5 27. e3 Nd6
28. Rad1 Nf5 29. Qc2 h5 30. Ne5 Nxe3 31. fxe3 Bxe3+ 32. Kg2 Bxd2 33. Qxd2 Rb8
34. a6 Qf6 35. Rf1 Qh6 36. Qe2 Rcc8 37. Nd7 Rd8 38. Nxb8 Rd2 39. Kf2 Qg5 40.
Ke1 Rxe2+ 41. Kxe2 Qd8 42. Nc6 Qd3+ 43. Kf2 Qd2+ 44. Kg1 Qxb2 45. Nxa7 Qb6 46.
Ra1 Qxa7 47. Kf2 Kh7 48. Ke3 Qd7 49. Ra3 Qd4+ 50. Kf4 e3+ 51. Kf3 e2 52. Kxe2
Qb2+ 0-1

[Event "Zalakaros open (Barczay memorial)"]
[Site "Zalakaros"]
[Date "2019.05.30"]
[Round "8.17"]
[White "Kincs, Imre"]
[Black "Bozinovic, Bogdan"]
[Result "0-1"]
[WhiteElo "2228"]
[BlackElo "2197"]
[PlyCount "66"]
[EventDate "2019.05.23"]
[EventType "swiss"]
[EventRounds "9"]
[EventCountry "HUN"]

1. d4 Nf6 2. Nf3 e6 3. c4 c5 4. d5 exd5 5. cxd5 d6 6. Nc3 g6 7. Bg5 a6 8. Qd2
Nbd7 9. a4 h6 10. Bh4 Qe7 11. e3 g5 12. Bg3 Nh5 13. Bd3 Nxg3 14. hxg3 Bg7 15.
a5 Ne5 16. Nxe5 Bxe5 17. Na4 Bg4 18. Nb6 Rd8 19. Rc1 h5 20. Rc4 Kf8 21. b4 cxb4
22. Qxb4 Kg7 23. Qd2 Bd7 24. f4 Bf6 25. Rc7 Qe8 26. Rxb7 Bb5 27. e4 Rc8 28. O-O
Bxd3 29. Qxd3 Rc3 30. Qxa6 Bd4+ 31. Kh1 h4 32. g4 Qxe4 33. Qa7 Rh3# 0-1

[Event "Zalakaros open (Barczay memorial)"]
[Site "Zalakaros"]
[Date "2019.05.30"]
[Round "8.18"]
[White "Michalicka, Milan"]
[Black "Borsos, Bogdan"]
[Result "1-0"]
[WhiteElo "2160"]
[BlackElo "2217"]
[PlyCount "139"]
[EventDate "2019.05.23"]
[EventType "swiss"]
[EventRounds "9"]
[EventCountry "HUN"]

1. d4 d5 2. c4 dxc4 3. Nf3 Nf6 4. e3 e6 5. Bxc4 a6 6. O-O c5 7. Bd3 Nc6 8. Nc3
Be7 9. dxc5 Bxc5 10. a3 O-O 11. b4 Bd6 12. Bb2 e5 13. Ne4 Nxe4 14. Bxe4 Qe7 15.
Qc2 h6 16. Rfd1 Rd8 17. Rd2 Bd7 18. Rad1 Be8 19. Bd5 Rac8 20. Qf5 Bb8 21. g4
Qf8 22. Bb3 Rxd2 23. Rxd2 Ne7 24. Qh5 g6 25. Qh4 Nc6 26. g5 h5 27. Qe4 Kh7 28.
h4 Qe7 29. Qd5 Rd8 30. Qc4 Rc8 31. Nh2 e4 32. Nf1 Be5 33. Bxe5 Qxe5 34. Ng3 Ne7
35. Qxe4 Rc1+ 36. Rd1 Qxe4 37. Nxe4 Rxd1+ 38. Bxd1 Bc6 39. Nf6+ Kg7 40. Bc2 b6
41. Kf1 a5 42. bxa5 bxa5 43. Ke2 Bb5+ 44. Kd2 Nc6 45. f4 Kf8 46. Be4 Nd8 47.
Bd5 Ke7 48. Kc3 Kd6 49. Kd4 Bc6 50. Bb3 a4 51. Ba2 Bf3 52. e4 Nc6+ 53. Kc3 Ke7
54. Bd5 Nd8 55. Kb4 Bd1 56. Bc4 Nc6+ 57. Kc5 Nd8 58. Nd5+ Kf8 59. Nc3 Bf3 60.
Bd5 Ke7 61. Kb4 f6 62. gxf6+ Kxf6 63. Nxa4 Ne6 64. Bxe6 Kxe6 65. Nc5+ Kd6 66.
Kb5 Bd1 67. Kb6 g5 68. fxg5 Ke5 69. a4 Kf4 70. a5 1-0

[Event "Zalakaros open (Barczay memorial)"]
[Site "Zalakaros"]
[Date "2019.05.30"]
[Round "8.19"]
[White "Kende, Gyorgy Dr"]
[Black "Krstulovic, Alex"]
[Result "0-1"]
[WhiteElo "2082"]
[BlackElo "2368"]
[PlyCount "46"]
[EventDate "2019.05.23"]
[EventType "swiss"]
[EventRounds "9"]
[EventCountry "HUN"]

1. e4 e5 2. f4 d5 3. Nf3 exf4 4. exd5 Nf6 5. Bc4 Bd6 6. Qe2+ Kf8 7. O-O Bg4 8.
d4 Nbd7 9. Bb3 g6 10. c4 b6 11. Nc3 Kg7 12. Qf2 h6 13. Bd2 Bf5 14. Nh4 Bd3 15.
Bxf4 Bxf1 16. Rxf1 Bxf4 17. Qxf4 Re8 18. Ba4 Qe7 19. Qxc7 Qe3+ 20. Kh1 Qf2 21.
Rg1 Qxh4 22. Bxd7 Re7 23. g3 Qh5 0-1

[Event "Zalakaros open (Barczay memorial)"]
[Site "Zalakaros"]
[Date "2019.05.30"]
[Round "8.20"]
[White "Pasztor, Ferenc"]
[Black "Kosztolanczi, Gyula"]
[Result "0-1"]
[WhiteElo "2225"]
[BlackElo "2078"]
[PlyCount "66"]
[EventDate "2019.05.23"]
[EventType "swiss"]
[EventRounds "9"]
[EventCountry "HUN"]

1. d4 c5 2. d5 d6 3. Nc3 g6 4. e4 Bg7 5. Be2 Nf6 6. Nf3 O-O 7. O-O Na6 8. a4
Nc7 9. h3 b6 10. Bf4 a6 11. Qd2 Rb8 12. Bh6 b5 13. Bxg7 Kxg7 14. axb5 axb5 15.
Qe3 b4 16. Nb1 e6 17. dxe6 Nxe6 18. Bc4 Bb7 19. Bxe6 fxe6 20. Nbd2 h6 21. Ra7
Rf7 22. Rd1 Qb6 23. Rda1 Qc6 24. Re1 Rbf8 25. Nc4 Ba8 26. Rxf7+ Rxf7 27. e5 Nd5
28. Qd2 Nf4 29. exd6 Nxg2 30. Rxe6 Nh4 31. Qe3 Nxf3+ 32. Kf1 Qd5 33. Qe2 Qxc4
0-1

[Event "Zalakaros open (Barczay memorial)"]
[Site "Zalakaros"]
[Date "2019.05.31"]
[Round "9.1"]
[White "Videki, Sandor"]
[Black "Bokros, Albert"]
[Result "1/2-1/2"]
[WhiteElo "2383"]
[BlackElo "2461"]
[PlyCount "29"]
[EventDate "2019.05.23"]
[EventRounds "9"]
[EventCountry "HUN"]

1. e4 c5 2. Nf3 e6 3. c3 Nf6 4. e5 Nd5 5. Bc4 Nc6 6. O-O d6 7. d4 cxd4 8. cxd4
Be7 9. Qe2 O-O 10. Rd1 Bd7 11. Bd2 Rc8 12. Nc3 Nxc3 13. Bxc3 d5 14. Bd3 Nb4 15.
Bb1 1/2-1/2

[Event "Zalakaros open (Barczay memorial)"]
[Site "Zalakaros"]
[Date "2019.05.31"]
[Round "9.2"]
[White "Kantor, Gergely"]
[Black "Czebe, Attila"]
[Result "1-0"]
[WhiteElo "2516"]
[BlackElo "2427"]
[PlyCount "71"]
[EventDate "2019.05.23"]
[EventRounds "9"]
[EventCountry "HUN"]

1. d4 e6 2. c4 b6 3. e4 Bb7 4. Bd3 Nc6 5. Ne2 e5 6. d5 Nb4 7. Nbc3 Nxd3+ 8.
Qxd3 Ne7 9. d6 cxd6 10. Bg5 a6 11. Ng3 h6 12. Nf5 Qb8 13. Nxd6+ Qxd6 14. Qxd6
hxg5 15. Qxb6 Rb8 16. O-O-O Nc6 17. Nd5 Bc8 18. Nc7+ Kd8 19. Qxc6 Rh6 20. Qd5
Kxc7 21. Qxe5+ Kb7 22. Rd3 Ka8 23. Rb3 Bb7 24. Rd1 d6 25. Qa5 Re6 26. f3 Be7
27. Rd5 Bd8 28. Qa4 Ka7 29. Rdb5 Re7 30. Ra3 Bb6 31. Qb4 Bc8 32. Qxd6 Re6 33.
Qd3 Rc6 34. Kb1 Kb7 35. Qd5 Be6 36. Rxb6+ 1-0

[Event "Zalakaros open (Barczay memorial)"]
[Site "Zalakaros"]
[Date "2019.05.31"]
[Round "9.3"]
[White "Radovanovic, Jovica"]
[Black "Horvath, Jozsef"]
[Result "1/2-1/2"]
[WhiteElo "2306"]
[BlackElo "2451"]
[PlyCount "118"]
[EventDate "2019.05.23"]
[EventRounds "9"]
[EventCountry "HUN"]

1. d4 Nf6 2. c4 e6 3. g3 d5 4. Nf3 Be7 5. Bg2 O-O 6. O-O c6 7. Qc2 b6 8. Nbd2
Bb7 9. e4 Na6 10. e5 Nd7 11. a3 c5 12. dxc5 bxc5 13. Re1 Nc7 14. Nf1 a5 15. h4
Re8 16. Bf4 Nf8 17. Rad1 Ra6 18. h5 h6 19. N1h2 Qa8 20. Nd2 Nh7 21. Ng4 Bf8 22.
Bf1 dxc4 23. Ne4 Nb5 24. Bxc4 Nd4 25. Rxd4 cxd4 26. Bd3 Rc6 27. Qb1 Ba6 28.
Bxh6 Rb8 29. Bf4 Rb3 30. Bc2 Rxc2 31. Qxc2 Qb7 32. Nd6 Qd5 33. Qc7 Bxd6 34.
Qxd6 Bb7 35. Qxd5 Bxd5 36. Bc1 Bf3 37. Nh2 Bxh5 38. g4 Bg6 39. Rd1 Bd3 40. Kg2
Nf8 41. Re1 Bc4 42. Rd1 Bd5+ 43. f3 d3 44. Kg3 a4 45. Be3 Rxb2 46. Rxd3 Rb3 47.
Rxb3 axb3 48. Bd4 Nd7 49. Nf1 Kf8 50. Ne3 Nb6 51. Kf2 Ke8 52. Ke2 g5 53. Kd2
Nc4+ 54. Nxc4 Bxc4 55. Kc3 Bd5 56. Be3 Kd7 57. Bxg5 Bxf3 58. Kxb3 Kc6 59. Kc4
Bxg4 1/2-1/2

[Event "Zalakaros open (Barczay memorial)"]
[Site "Zalakaros"]
[Date "2019.05.31"]
[Round "9.4"]
[White "Bagi, Mate"]
[Black "Gschnitzer, Adrian"]
[Result "1-0"]
[WhiteElo "2450"]
[BlackElo "2419"]
[PlyCount "105"]
[EventDate "2019.05.23"]
[EventRounds "9"]
[EventCountry "HUN"]

1. e4 c6 2. Nf3 d5 3. Nc3 Bg4 4. h3 Bxf3 5. Qxf3 e6 6. Be2 Nd7 7. d4 dxe4 8.
Nxe4 Ngf6 9. O-O Nxe4 10. Qxe4 Nf6 11. Qd3 Qc7 12. Rd1 Be7 13. a4 O-O 14. a5
Rfd8 15. c3 e5 16. Qg3 Bd6 17. dxe5 Bxe5 18. Qf3 Rxd1+ 19. Bxd1 Re8 20. Bc2
Bh2+ 21. Kf1 Qe5 22. Bd2 Qb5+ 23. Qd3 Qxd3+ 24. Bxd3 Rd8 25. Ke2 Bc7 26. g3 a6
27. Bc2 Re8+ 28. Kf3 Nd7 29. b3 c5 30. Be3 c4 31. b4 Ne5+ 32. Ke2 Nc6 33. f4
Bd8 34. Rc1 Bf6 35. Bb1 g6 36. Kf3 Ne7 37. Be4 Nf5 38. Bc5 Rd8 39. g4 Nd6 40.
Bd5 Nb5 41. Bxb7 Rd3+ 42. Kg2 Nxc3 43. Bxa6 Rd2+ 44. Kf1 Rh2 45. Rxc3 Bxc3 46.
Bxc4 Rb2 47. a6 Bxb4 48. a7 Rb1+ 49. Kg2 Ra1 50. Bb6 h5 51. gxh5 gxh5 52. Bd5
Bd6 53. f5 1-0

[Event "Zalakaros open (Barczay memorial)"]
[Site "Zalakaros"]
[Date "2019.05.31"]
[Round "9.5"]
[White "Almasi, Istvan"]
[Black "Srinath, Rao S.V"]
[Result "1-0"]
[WhiteElo "2407"]
[BlackElo "2395"]
[PlyCount "75"]
[EventDate "2019.05.23"]
[EventRounds "9"]
[EventCountry "HUN"]

1. d4 Nf6 2. c4 g6 3. Nc3 Bg7 4. e4 d6 5. Be2 O-O 6. Be3 e5 7. d5 Na6 8. g4 Nc5
9. f3 a5 10. h4 h5 11. g5 Ne8 12. Qd2 Qe7 13. Nh3 Bxh3 14. Rxh3 Na6 15. O-O-O
Bh8 16. Bd3 Ng7 17. a3 Rfc8 18. Bc2 Ne8 19. Kb1 Bg7 20. Rh2 c6 21. Bb6 Nac7 22.
c5 cxd5 23. exd5 Na6 24. Ne4 Nxc5 25. Bxc5 dxc5 26. d6 Qd7 27. Qd5 c4 28. Rf2
Rd8 29. f4 Qe6 30. Qxe6 fxe6 31. d7 Nc7 32. Nc5 exf4 33. Rxf4 Nd5 34. Re4 b6
35. Nxe6 Rxd7 36. Nxg7 Kxg7 37. Red4 Rad8 38. Be4 1-0

[Event "Zalakaros open (Barczay memorial)"]
[Site "Zalakaros"]
[Date "2019.05.31"]
[Round "9.6"]
[White "Becskei, Zoltan"]
[Black "Horvath, Adam"]
[Result "1/2-1/2"]
[WhiteElo "2285"]
[BlackElo "2531"]
[PlyCount "140"]
[EventDate "2019.05.23"]
[EventRounds "9"]
[EventCountry "HUN"]

1. e4 c5 2. Nf3 Nc6 3. d4 cxd4 4. Nxd4 Qc7 5. Nc3 e6 6. g3 a6 7. Bg2 Nf6 8. O-O
h5 9. h3 Bc5 10. Be3 d6 11. Na4 Ba7 12. c4 Bd7 13. b3 Nxd4 14. Bxd4 Bxd4 15.
Qxd4 Bxa4 16. bxa4 e5 17. Qd2 O-O 18. Kh1 Rfd8 19. Rac1 a5 20. f4 Ra6 21. c5
Rc6 22. cxd6 Rdxd6 23. Rxc6 bxc6 24. Qc3 Re6 25. Qc2 c5 26. fxe5 Rxe5 27. Rf5
Rxf5 28. exf5 c4 29. Qc3 Qc5 30. Bf1 Ne4 31. Qxc4 Qxc4 32. Bxc4 Nxg3+ 33. Kg2
Nxf5 34. Kf3 g5 35. Bd3 Nd6 36. Ke3 f5 37. Kd4 Kf7 38. Ke5 Ke7 39. Bxf5 Nc4+
40. Kd4 Nb6 41. Bc2 Kd6 42. Bd1 h4 43. Ke4 Nd5 44. Kd4 Nf6 45. Bf3 Nd7 46. Ke4
Ne5 47. Bd1 Ke6 48. Bb3+ Kf6 49. Bd1 Nc6 50. Bb3 g4 51. hxg4 Kg5 52. Bd5 Nb4
53. Bb7 Nxa2 54. Kd4 h3 55. Kc4 Nc1 56. Kb5 Nb3 57. Kc4 Nd2+ 58. Kb5 h2 59.
Kxa5 Kxg4 60. Bh1 Kg3 61. Kb4 Kf2 62. a5 Kg1 63. Bd5 Kf2 64. a6 Nf3 65. Bxf3
Kxf3 66. a7 Kg2 67. a8=Q+ Kg1 68. Qg8+ Kh1 69. Qd5+ Kg1 70. Qg5+ Kh1 1/2-1/2

[Event "Zalakaros open (Barczay memorial)"]
[Site "Zalakaros"]
[Date "2019.05.31"]
[Round "9.7"]
[White "Varga, Zoltan"]
[Black "Peczely, Sebastian Zsombor"]
[Result "0-1"]
[WhiteElo "2457"]
[BlackElo "2245"]
[PlyCount "36"]
[EventDate "2019.05.23"]
[EventRounds "9"]
[EventCountry "HUN"]

1. c4 c5 2. Nf3 Nc6 3. d4 cxd4 4. Nxd4 e6 5. Nc3 Nf6 6. Ndb5 d6 7. Bf4 e5 8.
Bg5 a6 9. Bxf6 gxf6 10. Na3 f5 11. Qd2 Be6 12. g3 h5 13. Bg2 e4 14. Nd5 Rc8 15.
Rc1 h4 16. Nb1 h3 17. Bf1 Ne5 18. b3 b5 0-1

[Event "Zalakaros open (Barczay memorial)"]
[Site "Zalakaros"]
[Date "2019.05.31"]
[Round "9.8"]
[White "Persanyi, Barnabas"]
[Black "Doric, Nenad"]
[Result "1/2-1/2"]
[WhiteElo "2404"]
[BlackElo "2262"]
[PlyCount "139"]
[EventDate "2019.05.23"]
[EventRounds "9"]
[EventCountry "HUN"]

1. c4 e6 2. Nf3 d5 3. g3 Nf6 4. Bg2 dxc4 5. Qa4+ c6 6. Qxc4 b5 7. Qc2 Bb7 8.
Nc3 Nbd7 9. O-O Be7 10. d3 a6 11. a4 O-O 12. e4 Rc8 13. Rd1 b4 14. Nb1 c5 15.
Nbd2 Nb8 16. Ne5 Nfd7 17. Nxd7 Nxd7 18. Nc4 a5 19. Bf4 Nb8 20. Bxb8 Rxb8 21.
Rac1 Ba6 22. e5 Bxc4 23. Qxc4 Qb6 24. d4 cxd4 25. Qxd4 Qxd4 26. Rxd4 Rfc8 27.
Rdc4 Rxc4 28. Rxc4 Bd8 29. b3 Kf8 30. Be4 h5 31. Kg2 Bb6 32. Rc6 Ke7 33. Bd3
Rb7 34. Bb5 g6 35. Rc8 Bd8 36. Ra8 g5 37. Kh3 Rc7 38. Rxa5 Rc2 39. Ra7+ Kf8 40.
Ra8 Rd2 41. a5 Kg7 42. Kg2 g4 43. Kf1 Rd1+ 44. Ke2 Rd5 45. Rxd8 Rxb5 46. a6 Ra5
47. Ra8 Ra3 48. a7 Kh7 49. Kd2 Kg7 50. Kc2 Kh7 51. Kc1 Ra2 52. Kb1 Ra5 53. Kb2
Kg7 54. Rb8 Rxa7 55. Rxb4 Kg6 56. Re4 Kf5 57. Re2 h4 58. gxh4 Rd7 59. b4 Rd3
60. Kc1 Rh3 61. b5 Rxh2 62. Rb2 Rxh4 63. b6 Rh8 64. b7 Rb8 65. Rb5 Ke4 66. Kd2
Kd4 67. Ke2 Kc4 68. Rb1 Kd4 69. Rb5 Kc4 70. Rb1 1/2-1/2

[Event "Zalakaros open (Barczay memorial)"]
[Site "Zalakaros"]
[Date "2019.05.31"]
[Round "9.9"]
[White "Borhy, Marcell"]
[Black "Hrbolka, Ladislav Jr"]
[Result "1/2-1/2"]
[WhiteElo "2374"]
[BlackElo "2203"]
[PlyCount "75"]
[EventDate "2019.05.23"]
[EventRounds "9"]
[EventCountry "HUN"]

1. d4 Nf6 2. c4 e6 3. g3 Bb4+ 4. Bd2 Qe7 5. Bg2 Bxd2+ 6. Qxd2 d6 7. Nf3 O-O 8.
Nc3 e5 9. O-O Nc6 10. d5 Nb8 11. e4 a5 12. Ne1 Na6 13. Nd3 c6 14. Rac1 cxd5 15.
Nxd5 Nxd5 16. cxd5 a4 17. Qe3 Qd8 18. b4 axb3 19. axb3 Bd7 20. Rc3 Bb5 21. Rfc1
Bxd3 22. Rxd3 Rc8 23. Rxc8 Qxc8 24. Rc3 Qd8 25. Bf1 Qa5 26. Bxa6 Qxa6 27. Rc7
h6 28. Kg2 Qb5 29. Qc3 Ra8 30. Qc4 Qb6 31. Rd7 f5 32. b4 fxe4 33. Qxe4 Rf8 34.
f3 Rf7 35. Rxf7 Kxf7 36. f4 exf4 37. Qxf4+ Kg8 38. Kf3 1/2-1/2

[Event "Zalakaros open (Barczay memorial)"]
[Site "Zalakaros"]
[Date "2019.05.31"]
[Round "9.10"]
[White "Bozinovic, Bogdan"]
[Black "Tompa, Janos"]
[Result "1/2-1/2"]
[WhiteElo "2197"]
[BlackElo "2356"]
[PlyCount "40"]
[EventDate "2019.05.23"]
[EventRounds "9"]
[EventCountry "HUN"]

1. d4 Nf6 2. c4 e6 3. Nc3 Bb4 4. f3 d5 5. a3 Be7 6. e4 dxe4 7. fxe4 e5 8. d5 a5
9. Nf3 O-O 10. Be3 Bg4 11. Be2 Nbd7 12. O-O Bc5 13. Bxc5 Nxc5 14. Nd2 Bxe2 15.
Qxe2 a4 16. Rf5 Qe7 17. Raf1 Ne8 18. Qe3 f6 19. R5f3 Nd7 20. Kh1 Nc5 1/2-1/2

[Event "Zalakaros open (Barczay memorial)"]
[Site "Zalakaros"]
[Date "2019.05.31"]
[Round "9.11"]
[White "Vanczak, Tamas"]
[Black "Michalicka, Milan"]
[Result "1/2-1/2"]
[WhiteElo "2311"]
[BlackElo "2160"]
[PlyCount "108"]
[EventDate "2019.05.23"]
[EventRounds "9"]
[EventCountry "HUN"]

1. d4 Nf6 2. Nf3 g6 3. Nc3 d5 4. Bf4 c6 5. e3 Bg7 6. Be2 Nbd7 7. Ne5 O-O 8. h4
h5 9. f3 Nxe5 10. Bxe5 Be6 11. g4 Qd7 12. Bxf6 Bxf6 13. gxh5 gxh5 14. Qd2 Kh7
15. O-O-O Rg8 16. Bd3+ Bf5 17. e4 Bg6 18. f4 dxe4 19. Nxe4 Qxd4 20. c3 Qd5 21.
Qc2 Kh8 22. Nxf6 Bxd3 23. Rxd3 Qxh1+ 24. Rd1 Qxd1+ 25. Qxd1 exf6 26. Qxh5+ Kg7
27. Qg4+ Kh6 28. Qd7 Rad8 29. Qxf7 Rg1+ 30. Kc2 Rg2+ 31. Kb3 Rdd2 32. Qxf6+ Kh5
33. a3 Rxb2+ 34. Kc4 Kg4 35. f5 Kf3 36. h5 Rg4+ 37. Kc5 Rf4 38. c4 Rc2 39. Qe6
Re2 40. Qf7 Re5+ 41. Kd6 Rexf5 42. Qxb7 Rf6+ 43. Kc5 R4f5+ 44. Kb4 a5+ 45. Ka4
Rxh5 46. Qb3+ Kf4 47. Qb2 Rhf5 48. Qd4+ Kg5 49. Qg1+ Kh4 50. c5 Rf3 51. Qc1 Rf1
52. Qc2 R1f3 53. Qc1 Rf1 54. Qc2 R1f3 1/2-1/2